[Event "PRO League Group Stage"]
[Site "chess.com INT"]
[Date "2018.02.24"]
[Round "7"]
[White "Macieja, Bartlomiej"]
[Black "Libiszewski, Fabien"]
[Result "1/2-1/2"]
[WhiteTitle "GM"]
[BlackTitle "GM"]
[WhiteElo "2550"]
[BlackElo "2530"]
[WhiteTeam "Rio Grande Ospreys"]
[BlackTeam "Cannes Blockbusters"]
[WhiteFideId "1104306"]
[BlackFideId "616834"]
[EventDate "2018.01.18"]

1. e4 Nc6 2. Nf3 d6 3. d4 Nf6 4. Nc3 g6 5. h3 Bg7 6. Be3 O-O 7. Be2 a6 8. a4 e5
9. dxe5 dxe5 10. O-O h6 11. Bc4 Kh7 12. Qxd8 Nxd8 13. Nxe5 Nxe4 14. Nxg6 fxg6
15. Nxe4 Bxb2 16. Rad1 Bg7 17. Rfe1 b6 18. f3 Be6 19. Bxe6 Nxe6 20. Rd7 Rad8 21.
Red1 Kg8 22. Kf1 Rxd7 23. Rxd7 Rf7 24. Rd5 a5 25. c4 Rf5 26. Ke2 Nf4+ 27. Bxf4
Rxf4 28. c5 Rf5 29. cxb6 cxb6 30. Rxf5 gxf5 31. Nd6 f4 32. Kd3 Be5 33. Nc8 Bc7
34. Kc4 Kf7 35. Kb5 Kf6 36. Nxb6 Kg5 37. Nd5 Bd8 38. Nc3 Kf5 39. Kc5 Ke5 40. Nd5
Bh4 41. Kc4 Be1 42. Ne7 Kf6 43. Nc6 Kg5 44. Nd4 Kh4 45. Ne2 Kg5 46. Kd5 Kf5 47.
Nd4+ Kg5 48. Ke4 Bd2 49. Ne6+ Kh4 50. Nxf4 Kg3 51. Ng6 Kxg2 52. h4 Kg3 53. h5
Bc3 54. Kf5 Kxf3 55. Ne7 Ke2 56. Kg6 Kd3 57. Kxh6 Kc4 58. Kg6 Kb3 59. h6 Kxa4
60. Nf5 Bh8 61. Kh7 Bf6 62. Kg8 Kb3 63. h7 a4 64. Ng7 a3 65. h8=Q a2 66. Qh3+
Bc3 67. Qe6+ Kb2 68. Qb6+ Kc1 69. Qe3+ Kc2 70. Qe2+ Kb1 71. Qd3+ Kb2 72. Qe2+
Kb1 73. Qe4+ Kb2 74. Nf5 a1=Q 75. Ne3 Qg1+ 76. Kf7 Qc1 77. Ke6 Bd2 78. Nc4+ Kc3
79. Ne5 Qe1 80. Qc4+ Kb2 81. Kd5 Qh1+ 82. Ke6 Qe1 83. Qb5+ Kc2 84. Qc6+ Bc3 85.
Qg2+ Kb1 86. Qg6+ Kc1 87. Qg5+ Kb1 88. Kd5 Qxe5+ 89. Qxe5 Bxe5 1/2-1/2

[Event "PRO League Group Stage"]
[Site "chess.com INT"]
[Date "2018.02.24"]
[Round "7"]
[White "Macieja, Bartlomiej"]
[Black "Skoberne, Jure"]
[Result "1-0"]
[WhiteTitle "GM"]
[BlackTitle "GM"]
[WhiteElo "2550"]
[BlackElo "2553"]
[WhiteTeam "Rio Grande Ospreys"]
[BlackTeam "Ljubljana Turtles"]
[WhiteFideId "1104306"]
[BlackFideId "14604299"]
[EventDate "2018.01.18"]

1. e4 d6 2. d4 Nf6 3. Nc3 g6 4. Bg5 Bg7 5. f4 O-O 6. Qd2 c6 7. Nf3 b5 8. Bd3 Re8
9. O-O b4 10. Ne2 Ba6 11. Qxb4 Nxe4 12. Bxe4 Bxe2 13. Rfe1 Ba6 14. Rad1 Qb6 15.
a3 Qxb4 16. axb4 Bb7 17. Ra1 Na6 18. b5 Nb8 19. Ra5 e6 20. Rea1 d5 21. Bd3 cxb5
22. Rxa7 Nc6 23. Bxb5 Nxd4 24. Bxe8 Nxf3+ 25. Kh1 Rxe8 26. Rxb7 Nd4 27. c3 Nf5
28. g4 Ne3 29. h3 h6 30. Be7 d4 31. Bc5 Nd5 32. Bxd4 Bxd4 33. cxd4 Nxf4 34. Raa7
Rd8 35. Rxf7 Rxd4 36. Rfd7 Rxd7 37. Rxd7 Kf8 38. Kh2 Ke8 39. Rh7 h5 40. g5 e5
41. Kg3 Nd3 42. Rg7 Nxb2 43. Rxg6 Nd3 44. Rh6 Nf4 45. h4 Kf7 46. Rf6+ Kg7 47.
Rxf4 exf4+ 48. Kxf4 Kg6 49. Ke5 Kf7 50. Kd6 Kg6 51. Ke6 Kg7 52. Kf5 Kf7 53. g6+
Kg7 54. Kg5 1-0

[Event "PRO League Group Stage"]
[Site "chess.com INT"]
[Date "2018.02.24"]
[Round "7"]
[White "Macieja, Bartlomiej"]
[Black "Ter-Sahakyan, Samvel"]
[Result "1-0"]
[WhiteTitle "GM"]
[BlackTitle "GM"]
[WhiteElo "2550"]
[BlackElo "2563"]
[WhiteTeam "Rio Grande Ospreys"]
[BlackTeam "Armenia Eagles"]
[WhiteFideId "1104306"]
[BlackFideId "13302531"]
[EventDate "2018.01.18"]

1. e4 c5 2. Nf3 d6 3. d4 cxd4 4. Qxd4 Nf6 5. Bb5+ Bd7 6. c4 g6 7. Nc3 Bg7 8. O-O
O-O 9. Qe3 a6 10. Bxd7 Nfxd7 11. Bd2 Nc6 12. Rac1 Qb8 13. b3 Rc8 14. Nd5 e6 15.
Nb6 Nxb6 16. Qxb6 Qc7 17. Be3 Qxb6 18. Bxb6 Kf8 19. Rfd1 Ke7 20. Rc2 Ne5 21.
Nxe5 Bxe5 22. Rcd2 Rc6 23. Be3 Rd8 24. c5 Rdc8 25. f4 Bc3 26. Rxd6 Rxd6 27.
cxd6+ Kd7 28. e5 f6 29. Bd4 Bxd4+ 30. Rxd4 fxe5 31. fxe5 Rc5 32. Re4 Rd5 33. Kf2
b5 34. Kf3 a5 35. h4 b4 36. g3 Rd2 37. Re2 Rd5 38. Ke4 Rd1 39. Rc2 Re1+ 40. Kf4
Rf1+ 41. Kg5 Rf5+ 42. Kh6 Rh5+ 43. Kg7 Rxe5 44. Kxh7 Re3 45. Rg2 Kxd6 46. Kxg6
Ke7 47. h5 Rf3 48. g4 Rf6+ 49. Kg5 Rf1 50. h6 Kf7 51. Rh2 Kg8 52. Kg6 Rg1 53. g5
Rc1 54. Rd2 Rc8 55. Kf6 Kh7 56. Rd7+ Kh8 57. Kxe6 Rc2 58. g6 Rc6+ 59. Rd6 Rc8
60. Ke7 Rg8 61. Rd8 1-0

[Event "PRO League Group Stage"]
[Site "chess.com INT"]
[Date "2018.02.24"]
[Round "7"]
[White "Aghasaryan, Robert"]
[Black "Grandelius, Nils"]
[Result "0-1"]
[WhiteTitle "GM"]
[BlackTitle "GM"]
[WhiteElo "2531"]
[BlackElo "2647"]
[WhiteTeam "Las Vegas Desert Rats"]
[BlackTeam "Norway Gnomes"]
[WhiteFideId "13302841"]
[BlackFideId "1710400"]
[EventDate "2018.01.18"]

1. d4 Nf6 2. c4 e6 3. g3 d5 4. Nf3 g6 5. Bg2 Bg7 6. O-O O-O 7. Nc3 c6 8. b3 Ne4
9. Qc2 Nxc3 10. Qxc3 b6 11. Bf4 Bb7 12. Rfd1 Nd7 13. Qd2 Re8 14. Rac1 Qe7 15.
Qe1 Rad8 16. Bg5 Nf6 17. Ne5 h6 18. Bf4 Ne4 19. cxd5 cxd5 20. Nc6 Bxc6 21. Rxc6
Rc8 22. Rxc8 Rxc8 23. Bxe4 dxe4 24. Qd2 Rd8 25. Qc2 Bxd4 26. Bxh6 g5 27. e3 Bh8
28. Rxd8+ Qxd8 0-1

[Event "PRO League Group Stage"]
[Site "chess.com INT"]
[Date "2018.02.24"]
[Round "7"]
[White "Aghasaryan, Robert"]
[Black "Kobo, Ori"]
[Result "1-0"]
[WhiteTitle "GM"]
[BlackTitle "GM"]
[WhiteElo "2531"]
[BlackElo "2477"]
[WhiteTeam "Las Vegas Desert Rats"]
[BlackTeam "Oslo Trolls"]
[WhiteFideId "13302841"]
[BlackFideId "2812320"]
[EventDate "2018.01.18"]

1. d4 d6 2. e4 Nf6 3. f3 d5 4. e5 Nfd7 5. f4 c5 6. Nf3 e6 7. c3 Nc6 8. Be2 Qb6
9. Na3 cxd4 10. cxd4 Bb4+ 11. Kf1 f6 12. Nc2 Be7 13. g3 O-O 14. Kg2 a5 15. Rb1
Nb4 16. a3 Nxc2 17. Qxc2 fxe5 18. dxe5 Nb8 19. Qc3 Bd7 20. Be3 Qd8 21. Bc5 Nc6
22. Rbc1 Rc8 23. Bxe7 Qxe7 24. Qe3 Be8 25. Bd3 Bh5 26. Nd4 Nxd4 27. Qxd4 g5 28.
Rxc8 Rxc8 29. f5 exf5 30. Bxf5 Rf8 31. g4 Bf7 32. e6 Be8 33. Re1 h5 34. h3 Rf6
35. Re5 hxg4 36. Bxg4 Rf4 37. Qe3 d4 38. Qd2 Bc6+ 39. Kg3 Qf6 40. Rxg5+ Qxg5 41.
Qxf4 Qxf4+ 42. Kxf4 Kf8 43. Ke5 d3 44. Kd4 d2 45. Ke3 Ke7 46. Kxd2 Bd5 47. Ke3
b5 48. Kd4 Ba2 49. Ke5 b4 50. axb4 axb4 51. h4 Bb1 52. h5 1-0

[Event "PRO League Group Stage"]
[Site "chess.com INT"]
[Date "2018.02.24"]
[Round "7"]
[White "Khachiyan, Melikset"]
[Black "Tan, Justin2"]
[Result "1/2-1/2"]
[WhiteTitle "GM"]
[BlackTitle "IM"]
[WhiteElo "2522"]
[BlackElo "2466"]
[WhiteTeam "Las Vegas Desert Rats"]
[BlackTeam "London Lions"]
[WhiteFideId "13300512"]
[BlackFideId "3206882"]
[EventDate "2018.01.18"]

1. e4 e5 2. Bc4 Nc6 3. Nf3 Bc5 4. O-O Nf6 5. d3 a6 6. c3 d6 7. Bb3 h6 8. Nbd2
Ba7 9. h3 g5 10. Nc4 g4 11. hxg4 Nxg4 12. Be3 Nxe3 13. Nxe3 Rg8 14. d4 Qf6 15.
Nd5 Qg7 16. g3 Kd8 17. Kg2 exd4 18. Rc1 Bg4 19. Qd3 Bxf3+ 20. Qxf3 Ne5 21. Qf5
Ng4 22. Nf4 Ne3+ 23. fxe3 Qxg3+ 24. Kh1 Rg4 25. Ne6+ fxe6 26. Qf6+ Kd7 27. Bxe6+
Kc6 28. cxd4+ Kb6 29. Bxg4 Qxg4 30. Qf7 Qh3+ 31. Kg1 Qg3+ 32. Kh1 Qh3+ 33. Kg1 1/2-1/2

[Event "PRO League Group Stage"]
[Site "chess.com INT"]
[Date "2018.02.24"]
[Round "7"]
[White "Grandelius, Nils"]
[Black "Naroditsky, Daniel"]
[Result "1-0"]
[WhiteTitle "GM"]
[BlackTitle "GM"]
[WhiteElo "2647"]
[BlackElo "2619"]
[WhiteTeam "Norway Gnomes"]
[BlackTeam "San Jose Hackers"]
[WhiteFideId "1710400"]
[BlackFideId "2026961"]
[EventDate "2018.01.18"]

1. e4 e5 2. Nf3 Nc6 3. Nc3 Nf6 4. Bb5 Bd6 5. d3 a6 6. Ba4 O-O 7. O-O b5 8. Bb3
Bb7 9. a3 h6 10. Be3 Ne7 11. a4 b4 12. Ne2 Ng6 13. Qd2 Ng4 14. Ng3 Nxe3 15. fxe3
Bc5 16. d4 Ba7 17. Qxb4 Rb8 18. Qc4 exd4 19. exd4 d5 20. exd5 Nf4 21. Kh1 a5 22.
Qc3 Bb6 23. Qd2 Nxd5 24. Rae1 Nf6 25. Nf5 Bc8 26. Ne7+ Kh8 27. Nc6 Qd6 28. Nxb8
Bb7 29. c4 Bxf3 30. Rxf3 Rxb8 31. Rd3 Ng4 32. g3 Qc6+ 33. Kg1 Ba7 34. Bd1 Nf6
35. Bf3 Qxc4 36. Rc1 Qa2 37. b3 Qa3 38. Rxc7 Bb6 39. Rxf7 Qd6 40. Qf4 Qd8 41.
Rxf6 gxf6 42. Qxh6+ Kg8 43. Kg2 Rc8 44. Bg4 Qd5+ 45. Kh3 Rc2 46. Rf3 Bxd4 47.
Qg6+ Kh8 48. Qxc2 1-0

[Event "PRO League Group Stage"]
[Site "chess.com INT"]
[Date "2018.02.24"]
[Round "7"]
[White "Grandelius, Nils"]
[Black "Hambleton, Aman"]
[Result "1-0"]
[WhiteTitle "GM"]
[BlackTitle "IM"]
[WhiteElo "2647"]
[BlackElo "2501"]
[WhiteTeam "Norway Gnomes"]
[BlackTeam "Montreal Chessbrahs"]
[WhiteFideId "1710400"]
[BlackFideId "2606577"]
[EventDate "2018.01.18"]

1. e4 b6 2. c4 Bb7 3. Nc3 e6 4. g3 g6 5. Bg2 Bg7 6. Nge2 c5 7. d4 cxd4 8. Nxd4
a6 9. O-O Ne7 10. Be3 O-O 11. Qd2 Nbc6 12. Rfd1 Ne5 13. Qe2 Qc7 14. b3 b5 15. c5
Qxc5 16. Ndxb5 Qb4 17. Rd4 Qa5 18. b4 Qd8 19. Nd6 Qb8 20. Rdd1 N5c6 21. Rac1
Nxb4 22. Bc5 a5 23. Nxb7 Qxb7 24. Bxe7 Rfe8 25. e5 Qa6 26. Bxa8 Qxa8 27. Bxb4 1-0

[Event "PRO League Group Stage"]
[Site "chess.com INT"]
[Date "2018.02.24"]
[Round "7"]
[White "Grandelius, Nils"]
[Black "Zhao, Zong-Yuan"]
[Result "1-0"]
[WhiteTitle "GM"]
[BlackTitle "GM"]
[WhiteElo "2647"]
[BlackElo "2537"]
[WhiteTeam "Norway Gnomes"]
[BlackTeam "Australia Kangaroos"]
[WhiteFideId "1710400"]
[BlackFideId "3202534"]
[EventDate "2018.01.18"]

1. e4 e5 2. Nf3 Nc6 3. Nc3 Nf6 4. Bb5 Bd6 5. O-O O-O 6. d3 a6 7. Ba4 b5 8. Bb3
Re8 9. a4 Rb8 10. axb5 axb5 11. Be3 h6 12. Nd5 Nxd5 13. Bxd5 Qe7 14. g3 Qf6 15.
Nh4 Bb7 16. Qh5 Nd8 17. Bb3 Ne6 18. f4 g6 19. fxe5 Qg7 20. Qxh6 Qxh6 21. Bxh6
Bxe5 22. c3 c5 23. Nf3 Bg7 24. Bxg7 Kxg7 25. Ne5 Re7 26. Bxe6 dxe6 27. Ra7 Rc7
28. c4 f6 29. Ng4 bxc4 30. dxc4 f5 31. exf5 gxf5 32. Ne5 Kf6 33. Re1 Rg7 34. Kf2
Rh8 35. h4 f4 36. gxf4 Rxh4 37. Ke3 Rh3+ 38. Kd2 Rg2+ 39. Kc1 Bc8 40. Rf7# 1-0

[Event "PRO League Group Stage"]
[Site "chess.com INT"]
[Date "2018.02.24"]
[Round "7"]
[White "Grandelius, Nils"]
[Black "Robson, Ray"]
[Result "1-0"]
[WhiteTitle "GM"]
[BlackTitle "GM"]
[WhiteElo "2647"]
[BlackElo "2645"]
[WhiteTeam "Norway Gnomes"]
[BlackTeam "Webster Windmills"]
[WhiteFideId "1710400"]
[BlackFideId "2023970"]
[EventDate "2018.01.18"]

1. e4 c5 2. Nf3 d6 3. d4 cxd4 4. Nxd4 Nf6 5. Nc3 a6 6. Be2 e6 7. f4 Be7 8. Be3
Nc6 9. Qd2 e5 10. Nb3 exf4 11. Bxf4 O-O 12. O-O-O Ne5 13. h3 Be6 14. g4 Rc8 15.
Kb1 Qc7 16. g5 Nfd7 17. h4 Nb6 18. Na5 Rfe8 19. h5 Bf8 20. Qd4 Rcd8 21. Rd2 Nc8
22. Nb3 Ne7 23. Rhd1 N7c6 24. Qf2 Rc8 25. Nd5 Bxd5 26. exd5 Na5 27. Nxa5 Qxa5
28. Bxe5 Rxe5 29. g6 fxg6 30. hxg6 Qc7 31. Bg4 Rd8 32. Be6+ Kh8 33. Rf1 hxg6 34.
Rh1+ Rh5 35. Qf3 Rh6 36. Rdh2 Qe7 37. a3 Kh7 38. Rf2 Kh8 39. Ka2 Rb8 40. Qe4 Qg5
41. Rg2 Qf6 42. Rxh6+ gxh6 43. Rxg6 1-0

[Event "PRO League Group Stage"]
[Site "chess.com INT"]
[Date "2018.02.24"]
[Round "7"]
[White "Kukk, Sander"]
[Black "Abrahamyan, Tatev"]
[Result "1-0"]
[BlackTitle "WGM"]
[WhiteElo "2178"]
[BlackElo "2332"]
[WhiteTeam "Estonia Horses"]
[BlackTeam "San Diego Surfers"]
[WhiteFideId "4502094"]
[BlackFideId "13301918"]
[EventDate "2018.01.18"]

1. b3 e5 2. Bb2 Nc6 3. e3 Nf6 4. Bb5 Bd6 5. Na3 Be7 6. Bxc6 bxc6 7. Nc4 e4 8.
Ne2 d5 9. Ne5 Qd6 10. d3 O-O 11. O-O Re8 12. a4 Bf8 13. d4 c5 14. c4 cxd4 15.
exd4 dxc4 16. bxc4 Rb8 17. Ba3 Qe6 18. Bxf8 Kxf8 19. f3 c5 20. f4 cxd4 21. Nxd4
Qd6 22. Nb5 Qc5+ 23. Kh1 Be6 24. Qd6+ Qxd6 25. Nxd6 Red8 26. c5 Bd5 27. Rab1 Ke7
28. h3 Ne8 29. Nf5+ Kf6 30. Ne3 Rxb1 31. Rxb1 Ke6 32. Rd1 f6 33. Nc6 Rd7 34. f5+ 1-0

[Event "PRO League Group Stage"]
[Site "chess.com INT"]
[Date "2018.02.24"]
[Round "7"]
[White "Kukk, Sander"]
[Black "Rosenthal, Nicholas"]
[Result "1-0"]
[WhiteElo "2178"]
[BlackElo "2169"]
[WhiteTeam "Estonia Horses"]
[BlackTeam "Miami Champions"]
[WhiteFideId "4502094"]
[BlackFideId "2045150"]
[EventDate "2018.01.18"]

1. b3 d5 2. e3 e5 3. Bb2 Bd6 4. f4 Qe7 5. Nf3 Nd7 6. c4 c6 7. cxd5 cxd5 8. Bb5
f6 9. fxe5 fxe5 10. Bxd7+ Bxd7 11. Nxe5 Nf6 12. Nxd7 Kxd7 13. Bxf6 Qxf6 14. Qg4+
Kd8 15. Nc3 Rf8 16. O-O-O a5 17. Rhf1 Qxf1 18. Rxf1 Rxf1+ 19. Kc2 Rf7 20. Qg5+
Ke8 21. Qxd5 Bxh2 22. Qe4+ Kd8 23. Qxh7 Bd6 24. Nb5 Rc8+ 25. Kd3 Bf8 26. Qg8
Rd7+ 27. Ke2 Ke7 28. Nd4 Ke8 29. Qe6+ Kd8 30. Qf5 Bb4 31. a3 Bd6 32. Qxa5+ Ke8
33. Qh5+ Rf7 34. Qh8+ Bf8 35. Ne6 Ke7 36. Nf4 Kd7 37. Qh3+ Kc7 38. Qe6 Rd7 39.
Nd5+ Kd8 40. Nb6 Rcc7 41. Nxd7 Rxd7 42. b4 Bd6 43. d4 Kc7 44. e4 1-0

[Event "PRO League Group Stage"]
[Site "chess.com INT"]
[Date "2018.02.24"]
[Round "7"]
[White "Kukk, Sander"]
[Black "Banawa, Joel"]
[Result "1-0"]
[BlackTitle "IM"]
[WhiteElo "2178"]
[BlackElo "2397"]
[WhiteTeam "Estonia Horses"]
[BlackTeam "Las Vegas Desert Rats"]
[WhiteFideId "4502094"]
[BlackFideId "2024055"]
[EventDate "2018.01.18"]

1. b3 d5 2. e3 Nf6 3. Bb2 c6 4. Nf3 Bf5 5. d4 h6 6. Bd3 Bxd3 7. Qxd3 e6 8. Nbd2
Nbd7 9. O-O Be7 10. c4 O-O 11. e4 dxe4 12. Nxe4 Nxe4 13. Qxe4 Nf6 14. Qe3 Qa5
15. a3 Rfe8 16. Ne5 Rad8 17. b4 Qc7 18. g3 a5 19. Qb3 Nd7 20. f4 axb4 21. axb4
Ra8 22. Rad1 Nf6 23. b5 Qb6 24. f5 c5 25. fxe6 fxe6 26. Kg2 cxd4 27. Bxd4 Bc5
28. Rxf6 Bxd4 29. Nd7 Qa7 30. Rf4 Qa2+ 31. Qxa2 Rxa2+ 32. Kh3 e5 33. Re4 Kf7 34.
Rf1+ Kg8 35. Rfe1 Rd8 36. Nxe5 Bxe5 37. Rxe5 Rdd2 38. Re7 Rxh2+ 39. Kg4 Rhc2 40.
R1e4 Ra4 41. Rc7 b6 42. Kf5 Rf2+ 43. Ke5 Ra8 44. Kd5 Rf6 45. Re6 Rd8+ 46. Ke5
Rf1 47. Rxb6 Re1+ 48. Kf4 Rf8+ 49. Kg4 Re4+ 50. Kh3 Re3 51. Rg6 Rf7 52. Rxf7
Kxf7 53. Rc6 Rc3 54. b6 h5 55. Rc5 Rb3 56. Rb5 1-0

[Event "PRO League Group Stage"]
[Site "chess.com INT"]
[Date "2018.02.24"]
[Round "7"]
[White "Kukk, Sander"]
[Black "Gurevich, Daniel"]
[Result "0-1"]
[BlackTitle "IM"]
[WhiteElo "2178"]
[BlackElo "2483"]
[WhiteTeam "Estonia Horses"]
[BlackTeam "Minnesota Blizzard"]
[WhiteFideId "4502094"]
[BlackFideId "2044676"]
[EventDate "2018.01.18"]

1. b3 e5 2. Bb2 Nc6 3. e3 Nf6 4. Bb5 Bd6 5. Na3 e4 6. d4 exd3 7. Bxd3 Bb4+ 8. c3
Be7 9. Nf3 d5 10. O-O O-O 11. h3 Be6 12. Nb5 Re8 13. Qc2 h6 14. Nbd4 Nxd4 15.
cxd4 Bd6 16. Ne5 Rc8 17. Qe2 Ne4 18. Rac1 f6 19. Ng6 Qd7 20. Nf4 Bxf4 21. exf4
Bf5 22. Rfe1 Qd6 23. Qc2 Qxf4 24. f3 Ng3 25. Bxf5 Nxf5 26. Qd3 Ng3 27. Rcd1 Kf7
28. Bc1 Qd6 29. Qb5 b6 30. Be3 c6 31. Qa6 Rc7 32. Bf2 Rce7 33. Qd3 Ne2+ 34. Kf1
Qh2 35. Bh4 Qg1# 0-1

[Event "PRO League Group Stage"]
[Site "chess.com INT"]
[Date "2018.02.24"]
[Round "7"]
[White "Hemant, Sharma2"]
[Black "Trakru, Rohun"]
[Result "1-0"]
[WhiteTitle "IM"]
[BlackTitle "CM"]
[WhiteElo "2348"]
[BlackElo "1746"]
[WhiteTeam "Delhi Dynamite"]
[BlackTeam "Rio Grande Ospreys"]
[WhiteFideId "5025842"]
[BlackFideId "2097613"]
[EventDate "2018.01.18"]

1. c4 e5 2. g3 Nf6 3. Bg2 Nc6 4. Nc3 Bc5 5. e3 O-O 6. Nge2 Re8 7. O-O d6 8. d4
exd4 9. Nxd4 Bg4 10. Nxc6 bxc6 11. Qa4 Bd7 12. Bxc6 Bxc6 13. Qxc6 Qe7 14. Nd5
Nxd5 15. Qxd5 Bb6 16. b3 Qe4 17. Qxe4 Rxe4 18. Bb2 Rae8 19. Kg2 f5 20. Rad1 Kf7
21. Rd5 g6 22. h4 h6 23. Rfd1 Ke6 24. Bc1 Kf6 25. Bb2+ Ke6 26. Bg7 g5 27. Bxh6
gxh4 28. Bf4 hxg3 29. Kxg3 Rg8+ 30. Kf3 Kf6 31. Rh1 Ree8 32. Rh5 Rg1 33. Rdxf5+
Ke6 34. Rfg5 Ra1 35. Rg7 Rf8 36. Rh6+ Rf6 37. Rhh7 Rxa2 38. Re7+ Kf5 39. Rh5+
Kg6 40. Rh6+ 1-0

[Event "PRO League Group Stage"]
[Site "chess.com INT"]
[Date "2018.02.24"]
[Round "7"]
[White "Hemant, Sharma2"]
[Black "Della Morte, German"]
[Result "1/2-1/2"]
[WhiteTitle "IM"]
[BlackTitle "IM"]
[WhiteElo "2348"]
[BlackElo "2353"]
[WhiteTeam "Delhi Dynamite"]
[BlackTeam "Buenos Aires Krakens"]
[WhiteFideId "5025842"]
[BlackFideId "113522"]
[EventDate "2018.01.18"]

1. e4 e5 2. Nf3 Nc6 3. Nc3 Nf6 4. Bb5 Bd6 5. O-O O-O 6. Re1 Re8 7. d3 a6 8. Bc4
Na5 9. Bd5 c6 10. Bc4 Bf8 11. a3 Nxc4 12. dxc4 b5 13. cxb5 axb5 14. Bg5 h6 15.
Bxf6 Qxf6 16. Qd2 d6 17. Rad1 Bg4 18. Re3 Reb8 19. h3 Be6 20. Rd3 g6 21. Qe3 b4
22. axb4 Rxb4 23. b3 Kh7 24. Rxd6 Bxd6 25. Rxd6 Ra1+ 26. Kh2 Qf4+ 27. Qxf4 exf4
28. Nd4 Rf1 29. Nce2 Rxf2 30. Kg1 Rxe2 31. Nxe2 Rxe4 32. Kf2 c5 33. Rc6 c4 34.
b4 g5 35. b5 Re5 36. b6 f3 37. Nd4 Bd5 38. b7 fxg2 39. b8=Q Re1 40. Rxh6+ Kxh6
41. Qh8+ Kg6 42. Qg8+ Kf6 43. Qd8+ Kg6 44. Qg8+ Kf6 45. Qd8+ Kg6 46. Qg8+ Kf6
47. Qd8+ Kg6 1/2-1/2

[Event "PRO League Group Stage"]
[Site "chess.com INT"]
[Date "2018.02.24"]
[Round "7"]
[White "Hemant, Sharma2"]
[Black "Lee, Megan"]
[Result "1-0"]
[WhiteTitle "IM"]
[BlackTitle "WIM"]
[WhiteElo "2348"]
[BlackElo "2163"]
[WhiteTeam "Delhi Dynamite"]
[BlackTeam "Seattle Sluggers"]
[WhiteFideId "5025842"]
[BlackFideId "2029618"]
[EventDate "2018.01.18"]

1. c4 c6 2. e4 e6 3. d4 d5 4. cxd5 exd5 5. e5 Bf5 6. Nc3 Bb4 7. Nf3 Nd7 8. Be2
f6 9. O-O fxe5 10. dxe5 Ne7 11. e6 Bxe6 12. Ng5 Nf8 13. Re1 d4 14. Nxe6 Nxe6 15.
Qb3 dxc3 16. Qxb4 Nd4 17. Bh5+ g6 18. Bg5 a5 19. Rxe7+ Kf8 20. Bh6+ Kg8 21. Rg7# 1-0

[Event "PRO League Group Stage"]
[Site "chess.com INT"]
[Date "2018.02.24"]
[Round "7"]
[White "Hemant, Sharma2"]
[Black "Song, Edward"]
[Result "1/2-1/2"]
[WhiteTitle "IM"]
[BlackTitle "FM"]
[WhiteElo "2348"]
[BlackElo "2319"]
[WhiteTeam "Delhi Dynamite"]
[BlackTeam "Pittsburgh Pawngrabbers"]
[WhiteFideId "5025842"]
[BlackFideId "2051192"]
[EventDate "2018.01.18"]

1. c4 e6 2. Nf3 d5 3. b3 Nf6 4. g3 Be7 5. Bg2 O-O 6. O-O a5 7. Bb2 a4 8. d3 c6
9. Nbd2 b5 10. cxb5 cxb5 11. a3 Qb6 12. b4 Nc6 13. Rc1 Bb7 14. e3 Rac8 15. Qe2
Nd7 16. Nd4 Nxd4 17. Bxd4 Qd6 18. f4 Rc7 19. Nf3 Rfc8 20. Rxc7 Qxc7 21. Ne5 Nxe5
22. Bxe5 Qc2 23. Qxc2 Rxc2 24. Rf2 Rc1+ 25. Rf1 Rc2 26. Rf2 Rc1+ 1/2-1/2

[Event "PRO League Group Stage"]
[Site "chess.com INT"]
[Date "2018.02.24"]
[Round "7"]
[White "Zwardon, Vojtech"]
[Black "Abrahamyan, Tatev"]
[Result "1/2-1/2"]
[WhiteTitle "IM"]
[BlackTitle "WGM"]
[WhiteElo "2412"]
[BlackElo "2332"]
[WhiteTeam "Riga Magicians"]
[BlackTeam "San Diego Surfers"]
[WhiteFideId "325511"]
[BlackFideId "13301918"]
[EventDate "2018.01.18"]

1. c4 c5 2. g3 Nc6 3. Bg2 g6 4. Nc3 Bg7 5. d3 e5 6. Nf3 Nge7 7. O-O O-O 8. Ne1
d6 9. Nc2 Be6 10. Ne3 Qd7 11. Re1 Bh3 12. Bh1 f5 13. Ned5 Nxd5 14. Nxd5 Ne7 15.
b4 cxb4 16. Nxb4 f4 17. Nd5 e4 18. Nxe7+ Qxe7 19. Bxf4 Rxf4 20. gxf4 e3 21. Bd5+
Kh8 22. Rb1 Bd4 23. fxe3 Qxe3+ 24. Kh1 Rf8 25. Qc1 Qf2 26. e3 Rf5 27. Bxb7 Rh5
28. exd4 Bf1 29. Re8+ Kg7 30. Re7+ Kf6 31. Re6+ Kf7 32. Re7+ Kf6 33. Re6+ Kf7
34. Re7+ Kf6 1/2-1/2

[Event "PRO League Group Stage"]
[Site "chess.com INT"]
[Date "2018.02.24"]
[Round "7"]
[White "Zwardon, Vojtech"]
[Black "Rosenthal, Nicholas"]
[Result "1-0"]
[WhiteTitle "IM"]
[WhiteElo "2412"]
[BlackElo "2169"]
[WhiteTeam "Riga Magicians"]
[BlackTeam "Miami Champions"]
[WhiteFideId "325511"]
[BlackFideId "2045150"]
[EventDate "2018.01.18"]

1. c4 e6 2. Nc3 d5 3. d4 c6 4. e4 dxe4 5. Nxe4 Bb4+ 6. Bd2 Qxd4 7. Bxb4 Qxe4+ 8.
Be2 Na6 9. Bc3 f6 10. Nf3 e5 11. O-O Ne7 12. Re1 Qg6 13. Nxe5 Qh6 14. Bh5+ g6
15. Nxc6 bxc6 16. Bxf6 O-O 17. Bxe7 Qxh5 18. Bxf8 Qxd1 19. Raxd1 Kxf8 20. Rd8+
Kg7 21. Ree8 Rb8 22. b3 Rb7 23. Rxc8 Rd7 24. Rcd8 Rb7 25. g4 Nb4 26. g5 Nxa2 27.
Rg8+ Kf7 28. Rdf8+ Ke6 29. Rf6+ Ke5 30. Re8+ Kd4 31. Rxc6 Nc1 32. Rd6+ Kc3 33.
Re3+ Kb4 34. Rd5 a6 35. Rd1 Na2 36. Rd6 a5 37. h4 Nc1 38. Rd1 Na2 39. Kg2 Rf7
40. Kg3 Ra7 41. f4 Rf7 42. Rd5 Nc3 43. Rdd3 Na2 44. Rd2 Nc1 45. Rd5 Ra7 46. Rb5+
Ka3 47. b4+ Kb2 48. Rxa5 Rb7 49. Rb5 Rc7 50. c5 Nb3 51. Rxb3+ Kxb3 52. h5 Kc3
53. Rb6 gxh5 54. f5 Kd4 55. Kf4 Kd5 56. f6 h4 57. Kg4 Ke5 58. c6 h3 59. Kxh3 Kf5
60. Rb5+ Kg6 61. Rc5 h6 62. gxh6 Kxf6 63. b5 Rh7 64. c7 Rxh6+ 65. Kg4 Rg6+ 66.
Kf4 Rg1 67. c8=Q 1-0